Loading...
Science - Biology | 0 | 7 | 0 | 1 | 70 | 89 | 100.86 | 1 | 2 |
Science - Physics | 0 | 6 | 1 | 3 | 55 | 100 | 118.33 | 0 | 2 |
Science - Chemistry | 0 | 5 | 2 | 0 | 40 | 62 | 83.20 | 0 | 4 |
Fine Arts - Other Fine Arts | 0 | 2 | 0 | 0 | 20 | 84 | 100.50 | 0 | 2 |
Literature - British Literature | 0 | 2 | 0 | 0 | 20 | 95 | 106.00 | 0 | 0 |
Literature - American Literature | 0 | 2 | 0 | 0 | 20 | 102 | 125.50 | 0 | 0 |
History - American History | 0 | 2 | 0 | 0 | 20 | 121 | 122.50 | 0 | 0 |
Science - Other Science | 0 | 3 | 2 | 0 | 20 | 100 | 104.33 | 0 | 0 |
Fine Arts - Classical Music | 0 | 2 | 1 | 1 | 15 | 125 | 137.00 | 0 | 0 |
History - Other History | 0 | 2 | 1 | 1 | 15 | 73 | 97.00 | 0 | 1 |
Mythology | 0 | 2 | 1 | 0 | 15 | 67 | 92.00 | 0 | 1 |
Social Science | 0 | 2 | 1 | 0 | 15 | 78 | 90.00 | 1 | 1 |
Fine Arts - Visual Fine Arts | 0 | 1 | 0 | 0 | 10 | 108 | 108.00 | 0 | 0 |
Literature - European Literature | 0 | 1 | 0 | 0 | 10 | 124 | 124.00 | 0 | 0 |
Philosophy | 0 | 2 | 2 | 0 | 10 | 100 | 109.00 | 0 | 0 |
Literature - World/Other Literature | 0 | 1 | 1 | 0 | 5 | 95 | 95.00 | 0 | 0 |
History - World History | 0 | 0 | 1 | 0 | -5 | 0.00 | 0 | 0 | |
History - European History | 0 | 0 | 1 | 0 | -5 | 0.00 | 0 | 0 | |
Religion | 0 | 0 | 2 | 0 | -10 | 0.00 | 0 | 0 |